Outsourcing a jeho využitie v procese obstarávania, logistiky a zásobovania
Rôzna forma outsourcingu obstarávania.
Salvato in:
| Autore principale: | |
|---|---|
| Natura: | Capitolo di libro |
| Lingua: | slovacco |
| Soggetti: | |
| Tags: |
Nessun Tag, puoi essere il primo ad aggiungerne!!
|
MARC
| LEADER | 00000naa$a2200000$$$4500 | ||
|---|---|---|---|
| 001 | 0094458 | ||
| 005 | 20240502072041.9 | ||
| 041 | 0 | |a slo | |
| 044 | |a SK | ||
| 245 | 1 | 0 | |a Outsourcing a jeho využitie v procese obstarávania, logistiky a zásobovania |c Miroslava Milecová |
| 520 | |a Rôzna forma outsourcingu obstarávania. | ||
| 610 | 2 | 0 | |a outsourcing |
| 610 | 2 | 0 | |a obstarávanie |
| 610 | 2 | 0 | |a logistika |
| 610 | 2 | 0 | |a zásobovanie |
| 100 | 1 | |a Milecová, Miroslava | |